Oscar ou pas ? - Version facile - Statistiques

Statistiques générales
  • Ce quiz a été pris 132 fois
  • Le résultat moyen est 10 sur 15
Statistiques - réponses
Hint Explanation Réponse % Correct
Oscar (statuette) Oscar
92%
Skyr Pas Oscar
85%
Au ski Pas Oscar
83%
SCAR (fusil d'assaut) Pas Oscar
80%
Opel Corsa Pas Oscar
79%
Oscar Wilde Oscar
77%
Oscar Isaac Oscar
77%
Ozark Pas Oscar
74%
Oscar Piastri Oscar
69%
Scar Pas Oscar
67%
Oscar Pistorius Oscar
61%
Oscaro Pas Oscar
57%
Oscar (cyclone) Oscar
55%
Lady Oscar Oscar
53%
Oscar (signal maritime) Oscar
15%
Aucun quiz correspondant
Distribution des résultats
% des personnes avec chaque résultat
Percentile par nombre de réponses
Votre historique - résultats
Vous n’avez pas pris ce quiz